Statistiche per Confini dell'Ucraina sulla mappa - Quiz

Clicka qui per fare il quiz!

Statistiche generali

  • Questo quiz è stato fatto 3.348 volte
  • Il punteggio medio è 7 su 7

Risposte nella Mappa

Le risposte nella mappa del quiz sottostante sono codificate secondo una scala di colori dal rosso al verde in base alla % di persone che hanno risposto correttamente.
 

Statistiche sulle risposte

Nazione% Corretto
Russia
100%
Bielorussia
98%
Polonia
97%
Romania
97%
Moldavia
94%
Ungheria
92%
Slovacchia
90%

Distribuzione punteggi

Percentile per numero di risposta

Percentuale di utenti per punteggio

I tuoi punteggi nel tempo

Non hai fatto questo quiz